| 000 | 00874cab a2200265 4500 | ||
|---|---|---|---|
| 001 | ABS54299 | ||
| 008 | 090401t1996 xxu||||| |||| 00| 0 eng d | ||
| 035 | _a(Sirsi) u9651 | ||
| 041 | _aeng | ||
| 100 | _aCouch, H | ||
| 245 | _aAre town centres really declining? | ||
| 260 | _c1996 | ||
| 350 | _a0 | ||
| 490 |
_aEstates Gazette _v(9602) 13 January 1996, 101-103(3) |
||
| 520 | _aExamines the decline in town centres identifying car ownership, changes in shopping patterns, traffic congestion and pedestrianisation as important considerations. | ||
| 650 | _aCARS | ||
| 650 | _aOUT-OF-TOWN SHOPPING CENTRES | ||
| 650 | _aPEDESTRIANISATION | ||
| 650 | _aPLANNING POLICY GUIDANCE NOTE 13 | ||
| 650 | _aPLANNING POLICY GUIDANCE NOTE SIX | ||
| 650 | _aTOWN CENTRES | ||
| 690 | _aPROPERTY-COMMERCIAL PROPERTY-RETAIL PROPERTY | ||
| 942 | _n0 | ||
| 948 | _c04/03/1997 | ||
| 999 |
_c6057 _d6057 |
||